书目信息 |
| 题名: |
普通高中思想政治课程标准解读
|
|
| 作者: | 韩震 , 朱明光 主编 ;普通高中思想政治课程标准修订组 编写 | |
| 分册: | ||
| 出版信息: | 北京 高等教育出版社 2020 |
|
| 页数: | 211页 | |
| 开本: | 26cm | |
| 丛书名: | 普通高中课程标准解读丛书 | |
| 单 册: | ||
| 中图分类: | G633.203 | |
| 科图分类: | ||
| 主题词: | 政治课--课程标准--高中 | |
| 电子资源: | ||
| ISBN: | 978-7-04-055164-8 | |
| 000 | 01276nam0 2200277 450 | |
| 001 | 0105242508 | |
| 005 | 20210304162840.0 | |
| 010 | @a978-7-04-055164-8@dCNY39.80 | |
| 100 | @a20201204d2020 em y0chiy0120 ea | |
| 101 | 0 | @achi |
| 102 | @aCN@b110000 | |
| 105 | @ay z 000yy | |
| 106 | @ar | |
| 200 | 1 | @a普通高中思想政治课程标准解读@9Pu Tong Gao Zhong Si;Sai Xiang Zheng Zhi Ke Cheng Biao Zhun Jie;Xie Dou;Du @e2017年版2020年修订@f韩震,朱明光主编@g普通高中思想政治课程标准修订组编写@b专著 |
| 210 | @a北京@c高等教育出版社@d2020 | |
| 215 | @a211页@d26cm | |
| 225 | 1 | @a普通高中课程标准解读丛书 |
| 304 | @a教育部基础教育课程教材专家工作委员会组织编写 | |
| 330 | @a本书对普通高中思想政治课程标准修订的历史经验、修订的时代背景、修订思路与变化看点,思想政治学科核心素养、必修课程、选择性必修课程、选修课程、学业质量、课程的实施等进行了详细解读,并对教师专业发展的促进与保障提出了建议,对思想政治课程发展趋势进行了展望。 | |
| 606 | 0 | @a政治课@x课程标准@x高中 |
| 690 | @aG633.203@v5 | |
| 701 | 0 | @a韩震@4主编@9han zhen |
| 701 | 0 | @a朱明光@f(1940?~)@4主编@9zhu ming guang |
| 712 | 02 | @a普通高中思想政治课程标准修订组@4编写@9pu tong gao zhong si xiang zheng zhi ke cheng biao zhun xiu ding zu |
| 801 | 0 | @aCN@bAZmarc@c20230905 |
| 905 | @aBZT@dG633@e370@f1@sG633/370 | |
| 普通高中思想政治课程标准解读:2017年版2020年修订/韩震,朱明光主编/普通高中思想政治课程标准修订组编写.-北京:高等教育出版社,2020 |
| 211页;26cm.-(普通高中课程标准解读丛书) |
| ISBN 978-7-04-055164-8:CNY39.80 |
| 本书对普通高中思想政治课程标准修订的历史经验、修订的时代背景、修订思路与变化看点,思想政治学科核心素养、必修课程、选择性必修课程、选修课程、学业质量、课程的实施等进行了详细解读,并对教师专业发展的促进与保障提出了建议,对思想政治课程发展趋势进行了展望。 |
| ● |
| 相关链接 |
|
|
|
正题名:普通高中思想政治课程标准解读
索取号:G633/370
 
预约/预借
| 序号 | 登录号 | 条形码 | 馆藏地/架位号 | 状态 | 备注 |
| 1 | 2000010069 | 2000010069 | 旧书回溯/ [索取号:G633/370] | 在馆 |